| 000 | 00964nam a22001577a 4500 | ||
|---|---|---|---|
| 003 | OSt | ||
| 005 | 20160615093018.0 | ||
| 008 | 160615b xxu||||| |||| 00| 0 eng d | ||
| 040 | _cRUA | ||
| 082 | _aAGR UON 2013 B474 Or.1 | ||
| 100 |
_98421 _aUON CHANSOVANN; អួន ចាន់សុវណ្ណ |
||
| 245 | _aEffective of herbicides on ir 66 rice variety sown by rogro machine under no-till condition at osaray commune, tramkok district, takeo province, ឥទ្ធិពលនៃថ្នាំសម្លាប់ស្មៅចង្រៃលើពូជស្រូវអ៊ីអ៊ែ ៦៦ ដែលពង្រោះដោយម៉ាស៊ីនដាំជាជួរ rogro លក្ខខណ្ឌដីមិនភ្ជូររាស់នៅឃុំអូសាររាយ ស្រុកត្រាំកក់ ខេត្តតាកែវ | ||
| 260 |
_aPhnom Penh _bRUA _c2013 |
||
| 300 |
_axiii,56p. _bill. _c29cm. |
||
| 942 |
_2ddc _cAGR |
||
| 999 |
_c8066 _d8066 |
||